000
00191 a2200097 4500
020
_a
9780771087899
041
_a
eng
100
_a
Waters, Sarah
245
_a
The little strangers
942
_c
BK
999
_c
31370
_d
31368